|
|
|
|
| LEADER |
00000nam a2200000 4500 |
| 008 |
160721b2010 s.la|||| |||| 00| | spa d |
| 020 |
|
|
|a 9788469345504
|
| 090 |
|
|
|a 06.06.01
|b 2344
|
| 100 |
1 |
|
|9 1895
|a Mora, José Ginés
|e Editor/a
|
| 245 |
1 |
3 |
|a Informe resumen de los resultados del proyecto PROFLEX en Latinoamérica : comparativa con el Proyecto REFLEX en Europa
|
| 260 |
|
|
|a s.l. :
|b Universidad Politécnica de Valencia,
|c 2010?
|
| 300 |
|
|
|a 69 páginas
|
| 650 |
1 |
4 |
|9 779
|a GRADUADOS
|
| 650 |
1 |
4 |
|9 16
|a UNIVERSIDADES
|
| 650 |
1 |
4 |
|9 571
|a MERCADO DE TRABAJO
|
| 650 |
1 |
4 |
|9 550
|a ENCUESTAS
|
| 650 |
1 |
4 |
|9 8
|a EDUCACIÓN SUPERIOR
|
| 700 |
1 |
|
|9 1896
|a Carot, José Miguel
|e Editor/a
|
| 700 |
1 |
|
|9 1897
|a Conchado, Andrea
|
| 942 |
|
|
|i 004189
|h 06.06.01 2344
|2 z
|c 01
|
| 999 |
|
|
|c 3278
|d 3278
|